000 00397cam a2200145ua 4500
041 _aeng
_h
082 _a828.09
_bSUM/MU
100 _aSummers, Joseph H .
245 _aMuseis is method: An introduction to paradies last /
_cJoseph H Summers.
_hTextual Documents
260 _aLondon :
_bChatto and Windus ,
_c1962.
300 _a227 ;
_e`.
504 _a
942 _cBK
999 _c11893
_d11893